000 00304nam a2200133Ia 4500
005 20251222140108.0
008 251222s1900||||xx |||||||||||||| ||spa||
020 _a0717281051
082 _a133.43/W58
100 _aWilson, Colin
245 0 _aSeres con poderes ocultos
264 _bNoguer
942 _cLIB
999 _c4192
_d4192